000 00299nam a2200121Ia 4500
008 220204s9999 xx 000 0 und d
082 _a621.98
_bJOH.1-3
100 _aJohnston, Philip M
245 0 _aSheet metal. 3 V.
260 _aBombay
_bTaraporevala
_c1964
650 _aSheet metal
942 _cBK
999 _c27560
_d27560